Normal view
MARC view
- Türkler
Entry Topical Term
001 - CONTROL NUMBER
- control field: 51127
003 - CONTROL NUMBER IDENTIFIER
- control field: TR-AnTOB
005 - DATE AND TIME OF LATEST TRANSACTION
- control field: 20190918211357.0
008 - FIXED-LENGTH DATA ELEMENTS
- fixed length control field: 161230n|eacznnaab| |a aaa d
035 ## - SYSTEM CONTROL NUMBER
- System control number: (TR-AnTOB)51127
040 ## - CATALOGING SOURCE
- Original cataloging agency: TR-AnTOB
- Language of cataloging: eng
- Description conventions: rda
- Transcribing agency: TR-AnTOB
- Modifying agency: TR-AnTOB
150 ## - HEADING--TOPICAL TERM
- Topical term or geographic name entry element: Türkler
- Geographic subdivision: Kosova (Cumhuriyet)
- General subdivision: Tarih
450 ## - SEE FROM TRACING--TOPICAL TERM
- Topical term or geographic name entry element: Turks
- Geographic subdivision: Kosovo (Republic)
- General subdivision: History
750 ## - ESTABLISHED HEADING LINKING ENTRY--TOPICAL TERM
- Authority record control number or standard number: (TR-AnTOB)51126
- Source of heading or term: etuesh
- Topical term or geographic name entry element: Turks
- Geographic subdivision: Kosovo (Republic)
- General subdivision: History



